|
|
|
|
| LEADER |
01575nam a2200457 a 4500 |
| 001 |
nkc20061640784 |
| 003 |
CZ PrNK |
| 005 |
20180209103216.0 |
| 007 |
ta |
| 008 |
060202s2006 xr e e 000 0 cze |
| 015 |
|
|
|a cnb001640784
|
| 020 |
|
|
|a 80-7277-296-1
|q (brož.) :
|c Kč 250,00
|
| 035 |
|
|
|a (OCoLC)70682921
|
| 040 |
|
|
|a OLA001
|b cze
|d ABA001
|
| 072 |
|
7 |
|a 341
|x Mezinárodní právo
|2 Konspekt
|9 16
|
| 080 |
|
|
|a 341.7
|2 MRF
|
| 080 |
|
|
|a 81'373.46
|2 MRF
|
| 080 |
|
|
|a (038.072)
|2 MRF
|
| 080 |
|
|
|a (038)81
|2 MRF
|
| 100 |
1 |
|
|a Hubinger, Václav,
|d 1949-
|7 jn20000810216
|4 aut
|
| 245 |
1 |
0 |
|a Encyklopedie diplomacie /
|c Václav Hubinger
|
| 250 |
|
|
|a 1. vyd.
|
| 260 |
|
|
|a Praha :
|b Libri,
|c 2006
|
| 300 |
|
|
|a 191 s. ;
|c 21 cm
|
| 500 |
|
|
|a 1200 výt.
|
| 504 |
|
|
|a Obsahuje bibliografii
|
| 505 |
2 |
0 |
|t Vídeňská úmluva o diplomatických stycích
|
| 650 |
0 |
7 |
|a diplomacie
|7 ph119467
|2 czenas
|
| 650 |
0 |
7 |
|a oborová terminologie
|7 ph138998
|2 czenas
|
| 650 |
0 |
9 |
|a diplomacy
|2 eczenas
|
| 650 |
0 |
9 |
|a terminology (professional)
|2 eczenas
|
| 655 |
|
7 |
|a výkladové slovníky
|7 fd133855
|2 czenas
|
| 655 |
|
7 |
|a terminologické slovníky
|7 fd202538
|2 czenas
|
| 655 |
|
9 |
|a explanatory dictionaries
|2 eczenas
|
| 655 |
|
9 |
|a terminological dictionaries
|2 eczenas
|
| 910 |
2 |
|
|a BOA001
|b 2-1163.926
|
| 990 |
|
|
|a BK
|
| 995 |
|
|
|a 01
|
| 991 |
|
|
|b 200603
|c NOV
|
| 996 |
6 |
|
|b 2610271807
|c 2-1163.926
|l MZK
|r Sklad / do 1 hodiny
|n 1
|p p.v.
|w 000807878
|u 000010
|a 1
|e BOA001
|j MZK50
|s P
|
| 996 |
7 |
|
|b 2610274226
|c 2-1163.926
|l MZK
|r Sklad / do 1 hodiny
|n 20
|p kup
|w 000807878
|u 000020
|a 1
|e BOA001
|j MZK50
|s A
|